Δημιουργικό Εργαστήρι / Κατασκευάζω - Παίζω - Δημιουργώ (Record no. 9253)
[ view plain ]
| 000 -LEADER | |
|---|---|
| fixed length control field | 01578cam a22001814a 4500 |
| 005 - ΗΜΕΡΟΜΗΝΙΑ ΚΑΙ ΩΡΑ ΤΕΛΕΥΤΑΙΑΣ ΕΝΗΜΕΡΩΣΗΣ | |
| Πεδίο ελέγχου | 20250605164357.0 |
| 008 - FIXED-LENGTH DATA ELEMENTS--GENERAL INFORMATION | |
| Πεδίο ελέγχου σταθερού μήκους | 250528s ||||||||||||||||||||||||d |
| 035 ## - SYSTEM CONTROL NUMBER | |
| System control number | 24365 |
| 040 ## - ΠΗΓΗ ΚΑΤΑΛΟΓΟΓΡΑΦΗΣΗΣ | |
| Φορέας πρωτότυπης καταλογογράφησης | MC Athens Campus Library |
| Γλώσσα καταλογογράφησης | Ελληνικά, Μοντέρνα (1453-) |
| Modifying agency | MC Athens Campus Library |
| Κανόνες περιγραφικής καταλογογράφησης | AACR2 |
| 245 1# - ΤΙΤΛΟΣ ΚΑΙ ΔΗΛΩΣΗ ΥΠΕΥΘΥΝΟΤΗΤΑΣ | |
| Τίτλος | Δημιουργικό Εργαστήρι / Κατασκευάζω - Παίζω - Δημιουργώ |
| 260 ## - PUBLICATION, DISTRIBUTION, ETC. | |
| Name of publisher, distributor, etc. | Δίπτυχο, |
| Date of publication, distribution, etc. | 2014 |
| 300 ## - PHYSICAL DESCRIPTION | |
| Extent | 60 |
| 520 ## - SUMMARY, ETC. | |
| Summary, etc. | Στεφάνι για την Πρωτομαγιά, Ανοιξιάτικη Κάρτα για Ευχές με Τουλίπες, Κουτί μηνυμάτων Βατραχάκι, Κάρτα Τσαντάκι για τη Γιορτή της Μητέρας, Κάρτα Cup Cakes για τη Γιορτή της Μητέρας, Καρφίτσα για τη Γιορτή της Μητέρας, Κάρτα Πουκάμισο για τη Γιορτή του Πατέρα, Ένα Κάδρο για τη Γιορτή του Πατέρα, Καλοκαιρινή Κάρτα, Παγωτό Ξυλάκι Φράουλα-Βανίλια, Κάρτα Κοχύλι, Κάρτα Αστερίας ή Ψάρι σε Βυθό, Κάρτα Ριγέ-Φάκελος, Φινιστρίνι Βυθός, Φάλαινα από Χάρτινα Πιάτα, Καλοκαιρινό Ψαράκι, Μανταλάκι-Καρχαρίας, Παγωτό Χωνάκι, Μπρελόκ από Πηλό, Κάβουρας από Κοχύλι, Καλοκαιρινό Καλαθάκι με Ντεκουπάζ. |
| 700 1# - ΠΡΟΣΘΕΤΗ ΑΝΑΓΡΑΦΗ--ΦΥΣΙΚΟ ΠΡΟΣΩΠΟ | |
| Personal name | Limos Anna |
| 9 (RLIN) | 9440 |
| 942 ## - ADDED ENTRY ELEMENTS (KOHA) | |
| Koha item type | Περιοδικά Δημοσιεύματα |
| Τύπος τεκμηρίου | Βιβλιοθήκη | Τρέχουσα τοποθεσία | Barcode | Ημερομηνία απόκτησης | Ταξιθετικό σύμβολο | Αριθμός αντιτύπου | Κατάσταση απόσυρσης | Κατάσταση χαμένου | Κατάσταση κατεστραμμένου | Μη δανεισμός | Σύνολο δανεισμών | Ημερομηνία τελευταίας εμφάνισης | Η τιμή ισχύει από |
|---|---|---|---|---|---|---|---|---|---|---|---|---|---|
| Περιοδικά Δημοσιεύματα | MC Athens Campus Library | MC Athens Campus Library | 9780000092526 | 05/06/2025 | ΔΗΜΙΟΥΡΓΙΚΟ ΕΡΓΑΣΤΗΡΙ | 1 | 05/06/2025 | 05/06/2025 |